Представление документа в формате MARC21

ПолеНазваниеЗначение
  Тип записи a
  Библиографический уровень m
001 Контрольный номер RU\infra-m\znanium\bibl\2237167
005 Дата корректировки 20260429142110.4
008 Кодируемые данные 260120s2025 RU g rus u
020 Индекс ISBN __
a ISBN 978-5-0063-0321-8
040 Источник каталогиз. __
a Служба первич. каталог. Общество с ограниченной ответственностью «ЗНАНИУМ»
041 Код языка издания __
a Код языка текста rus
044 Код страны публикации __
a Код страны публикации RU
080 Индекс УДК __
a Индекс УДК 331
084 Индекс другой классификации/Индекс ББК __
2 Источник индекса rubbk
a Индекс другой классификации/Индекс ББК 6524
084 Индекс другой классификации/Индекс ББК __
2 Источник индекса okso
a Индекс другой классификации/Индекс ББК 38.03.02
100 Автор __
a Автор Феррацци К.
q Полное имя Феррацци Кейт
245 Заглавие __
a Заглавие Вместе сильнее: От традиционного лидерства к командной работе
b Продолж. заглавия Научно-популярная литература
250 Сведения об издании __
a Основные сведения об издании 1
260 Выходные данные __
a Место издания Москва
b Издательство ООО "Альпина Паблишер"
c Дата издания 2026
300 Физическое описание __
a Объем 256 с.
520 Аннотация __
a Аннотация Модель управления в которой руководитель контролирует все процессы и принимает решения в одиночку давно устарела. Кейт Феррацци автор супербестселлера «Никогда не ешьте в одиночку» опытный предприниматель и консультант опираясь на 20-летний опыт работы пришел к выводу что успех организации зависит не от усилий лидеров а от слаженной работы команд. Успешные коллективы строятся на доверии честности и открытости — там не замалчивают неудобную правду готовы делиться идеями и сомнениями даже если это рискованно. Феррацци убежден что трансформация команд — недооцененный но невероятно мощный ресурс для развития бизнеса. В своей книге он выделяет 10 ключевых шагов к построению подлинной командной культуры проверенных на практике в ведущих компаниях из списка Fortune 500 и динамичных стартапах. Эти методы помогают раскрыть потенциал каждого участника и добиваться выдающихся результатов в условиях высокой конкуренции.
521 Примеч. о цел. назн. __
a Примеч. о целев. назн. Дополнительное образование
650 Тематические рубрики __
a Основная рубрика Управление (менеджмент)
x Основная подрубрика Командный менеджмент. Лидерство
655 Указ. предметных рубрик (устаревшее) __
a Жанр/ форма (устаревшее) Научно-популярная литература
856 Электронный адрес документа 4_
a Имя сервера/домена znanium.ru
m Помощь ebs_support@infra-m.ru
n Местонахождение сервера НИЦ ИНФРА-М
u URL https://znanium.ru/catalog/document?id=474838
856 Электронный адрес документа 48
a Имя сервера/домена znanium.ru
d Путь /cover/2237
f Электронное имя 2237167.jpg
q Тип электронного формата image/jpeg
u URL https://znanium.ru/cover/2237/2237167.jpg
911 __
u 0030=https://znanium.ru/catalog/document?id=474838